000 01234nam a2200313Ia 4500
001 ebr10064381
003 CaPaEBR
006 m u
007 cr cn|||||||||
008 030826s2003 enk sb 001 0 eng d
015 _aGBA3-Y5525
020 _z9781846424199
020 _z1843101033
040 _aCaPaEBR
_cCaPaEBR
035 _a(OCoLC)567907092
050 1 4 _aRJ507.D59
_bD58 2003eb
082 0 4 _a306.89
_221
245 0 0 _aDivorcing children
_h[electronic resource] :
_bchildren's experience of their parents' divorce /
_cIan Butler ... [et al.].
260 _aLondon :
_bJessica Kingsley,
_c2003.
300 _a240 p.
504 _aIncludes bibliographical references and index.
533 _aElectronic reproduction.
_bPalo Alto, Calif. :
_cebrary,
_d2009.
_nAvailable via World Wide Web.
_nAccess may be limited to ebrary affiliated libraries.
650 0 _aChildren of divorced parents
_xMental health.
650 0 _aChildren of divorced parents
_zGreat Britain
_xPsychology.
655 7 _aElectronic books.
_2local
700 1 _aButler, Ian.
710 2 _aebrary, Inc.
856 4 0 _uhttp://site.ebrary.com/lib/rucke/Doc?id=10064381
_zAn electronic book accessible through the World Wide Web; click to view
999 _c48040
_d48040